| 000 | 00705nam a2200217Ia 4500 | ||
|---|---|---|---|
| 008 | 131103s9999 xx 000 0 und d | ||
| 020 |
_a791052370 _cRs.1741.00 |
||
| 040 | _aLoreto College | ||
| 041 | _aEnglish | ||
| 082 |
_a822.91/SHA-BLO _bLCLIB/EngSemLib 860/49831 |
||
| 245 |
_aGeorge Bernard Shaw _cEdited with an introduction by Harold Bloom |
||
| 260 |
_aNew York _bChelsea House _c1999 |
||
| 300 |
_a107p _c 22cm |
||
| 504 | _aIncludes index | ||
| 630 | _aEnglish literature-History and criticism | ||
| 650 | _aShaw,George Bernard (1856-1950) | ||
| 651 | _aShaw,George Bernard-Criticism and interpretation | ||
| 700 | _aBloom,Harold,ed. | ||
| 850 | _aLCLIB/822.91/SHA-BLO | ||
| 942 | _cBK | ||
| 999 |
_c38371 _d88850 |
||